Detalles MARC
| 000 -CABECERA |
| campo de control de longitud fija |
00842cam a2200241 a 4500 |
| 001 - NÚMERO DE CONTROL |
| campo de control |
000019492 |
| 005 - FECHA Y HORA DE LA ÚLTIMA TRANSACCIÓN |
| campo de control |
20200929170032.0 |
| 008 - DATOS DE LONGITUD FIJA--INFORMACIÓN GENERAL |
| campo de control de longitud fija |
750923s1942 ag 001 f spa d |
| 035 ## - NÚMERO DE CONTROL DEL SISTEMA |
| Número de control de sistema |
(OCoLC)1650375 |
| 040 ## - FUENTE DE LA CATALOGACIÓN |
| Centro catalogador/agencia de origen |
DO-SdBNP |
| Centro/agencia transcriptor |
FM |
| Centro/agencia modificador |
OCoLC |
| -- |
DLC |
| 082 ## - NÚMERO DE LA CLASIFICACIÓN DECIMAL DEWEY |
| Número de clasificación |
Cu863.42 |
| Número de documento/Ítem |
I59s |
| 100 1# - ENTRADA PRINCIPAL--NOMBRE DE PERSONA |
| Nombre de persona |
Insúa, Alberto, |
| Fechas asociadas al nombre |
1883-1963 |
| 9 (RLIN) |
41856 |
| 245 13 - MENCIÓN DE TÍTULO |
| Título |
La sombra de Peter Wald : |
| Resto del título |
segunda parte de "El negro que tenía el alma blanca" /. |
| 260 ## - PUBLICACIÓN, DISTRIBUCIÓN, ETC. |
| Lugar de publicación, distribución, etc. |
Buenos Aires, Argentina : |
| Nombre del editor, distribuidor, etc. |
Espasa-Calpe argentina, |
| Fecha de publicación, distribución, etc. |
1942. |
| 300 ## - DESCRIPCIÓN FÍSICA |
| Extensión |
233 p. ; |
| Dimensiones |
18 cm. |
| 490 1# - MENCIÓN DE SERIE |
| Mención de serie |
Austral. Azul: novelas y cuentos en general |
| Designación de volumen o secuencia |
328 |
| 500 ## - NOTA GENERAL |
| Nota general |
Incluye índice de autores. |
| 650 #4 - PUNTO DE ACCESO ADICIONAL DE MATERIA--TÉRMINO DE MATERIA |
| Término de materia o nombre geográfico como elemento de entrada |
Novela cubana |
| 9 (RLIN) |
2316 |
| 650 #4 - PUNTO DE ACCESO ADICIONAL DE MATERIA--TÉRMINO DE MATERIA |
| Término de materia o nombre geográfico como elemento de entrada |
Literatura cubana |
| 9 (RLIN) |
1483 |
| 830 #0 - PUNTO DE ACCESO ADICIONAL DE SERIE-TÍTULO UNIFORME |
| Título uniforme |
Austral. |
| Nombre de parte o sección de la obra |
Azul: novelas y cuentos en general; |
| Designación de volumen o secuencia |
328 |
| 9 (RLIN) |
22386 |
| 910 ## - DATOS DE OPCIÓN DEL USUARIO (OCLC) |
| Datos de opción del usuario |
Catalogación derivada / LC |
| 910 ## - DATOS DE OPCIÓN DEL USUARIO (OCLC) |
| Datos de opción del usuario |
WM |